Visualizzazione normale
Vista MARC
- Angelo Tasca
di Personal Name
Records bibliografici associati: 1
001 - CONTROL NUMBER
- control field: 34601
003 - CONTROL NUMBER IDENTIFIER
- control field: IT-RoPau
005 - DATE AND TIME OF LATEST TRANSACTION
- control field: 20150524113305.0
008 - FIXED-LENGTH DATA ELEMENTS
- fixed length control field: 150524|| aca||aabn | a|a d
040 ## - CATALOGING SOURCE
- Original cataloging agency: IT-RoPau
- Transcribing agency: IT-RoPau
100 ## - HEADING--PERSONAL NAME
- Personal name: Angelo Tasca
670 ## - SOURCE DATA FOUND
- Source citation: Work cat.: (IT-RoPau)13973: Angelo Tasca, Nascita e avvento del fascismo. L’Italia dal 1919 al 1922